| 000 | 00680nam a2200181 a 4500 | ||
|---|---|---|---|
| 008 | 120416s1981 ||||||||||||||||| || u | ||
| 050 | _aK 110 Enf | ||
| 100 | _aDalton, Amanda | ||
| 245 | 1 | 0 | _aEnforcing antitrust against foreign enterprises |
| 246 | _aprocedural problems in the extraterritorial application of antitrust laws | ||
| 260 |
_aDeventer (Netherlands) _bKluwer _c1981 |
||
| 300 | _axiii, 125p. : ill. | ||
| 350 | _a0.00 | ||
| 650 | _aLAW | ||
| 650 | _aANTITRUST LAW | ||
| 700 | _aCanenbley, Cornelis, 1942- | ||
| 995 |
_D0.00 _FCBU-MAIN LIBRARY (Kitwe) _H1 _I0.00 _M1 _UAVAILABLE _ZAnnex Low-Usage Collection |
||
| 999 |
_c41906 _d41906 |
||